banner koha

First molecular and serological detection of Epizootic Hemorrhagic Disease virus in white tailed deer (Odocoileus virginianus) from Tamaulipas, Mexico (Registro n. 328137)

MARC details
000 -LÍDER
fixed length control field 03690nab a2200313 i 4500
003 - CÓDIGO MARC DA AGÊNCIA CATALOGADORA
Campo de controle BR-BrBNA
005 - DATA E HORA DA ÚLTIMA ATUALIZAÇÃO
Campo de controle 20241016100617.0
008 - CAMPO DE TAMANHO FIXO
fixed length control field 241016b2019 bl.|r|pooa||| 00| 0 eng |
040 ## - FONTE DA CATALOGAÇÃO
Agência catalogadora BR-BrBNA
Idioma da catalogação eng
072 ## - CATEGORIA AGRIS
Código AGRIS L73
Código do objeto 8891
072 ## - CATEGORIA AGRIS
Código AGRIS L70
100 ## - ENTRADA PRINCIPAL - NOME PESSOAL
Nome pessoal Merino, J.O.
100 ## - ENTRADA PRINCIPAL - NOME PESSOAL
Nome pessoal De la Cruz., NI
100 ## - ENTRADA PRINCIPAL - NOME PESSOAL
Nome pessoal Galvan, G.
100 ## - ENTRADA PRINCIPAL - NOME PESSOAL
Nome pessoal De León, A.P.
100 ## - ENTRADA PRINCIPAL - NOME PESSOAL
Nome pessoal Burnes. J
245 ## - TÍTULO PRINCIPAL
Título principal First molecular and serological detection of Epizootic Hemorrhagic Disease virus in white tailed deer (Odocoileus virginianus) from Tamaulipas, Mexico
500 ## - NOTA GERAL
Nota geral Publicação online; 40 ref.; 4 illus.; Summaries (En, Pt)
942 ## - ADDED ENTRY ELEMENTS (KOHA)
Koha item type Analítica
520 ## - NOTA DE RESUMO
Nota de conteúdo <br/>ABSTRACT - Epizootic hemorrhagic disease viruses (EHDV) are dsRNA arboviruses transmitted by biting midges of the genus Culicoides that cause disease in domestic and wild ruminants. Epizootic hemorrhagic disease (EHD) is considered the most important infectious disease of white tailed deer (WTD) in North America, some studies in Northeast Mexico reported EHDV-seropositive WTD and EHDV-infected Culicoides vectors. The increasing population of WTD that share habitat with livestock in Northeast México highlights the importance of EHD for the livestock industry in the transboundary region with the U.S. One hundred and twenty two samples from WTD in Tamaulipas state, Mexico were tested by ELISA and T-PCR for EHDV antibodies and nucleic acid, respectively. Twelve animals were seropositive to ELISA and eleven animals were positive by RT-PCR. This is the first report of EHDV nucleic acid detection in WTD from Mexico. It is hypothesized that applying the transboundary disease approach to interdisciplinary research will help fill knowledge gaps, which could help develop countermeasures to mitigate the threat of EHDV infection in wildlife and livestock along the U.S.-Mexico border.<br/><br/><br/>Keywords: deer, detection, EHDV, RT-PCR, serology
520 ## - NOTA DE RESUMO
Nota de conteúdo <br/>RESUMO - Virus da doença hemorrágica epizoótica (EHDV) são arbovírus dsRNA transmitidos por mordidas do genus Culicoides que causam doenças em ruminantes domésticos e selvagens. Doença hemorrágica epizoótica (EHD) é considerada uma das doenças infecciosas mais importantes dos veados de cauda branca (WTD) na América do Norte. Alguns estudos no Nordeste do México relatam soropositividade para EHDV em WTD e vetores Culicoides infectados com EHDV. A crescente população de WTD que compartilham hábitats com pecuária no Nordeste do México realçam a importância de EHD para a indústria pecuária na região de fronteira com os Estados Unidos. Cento e vinte duas amostras de WTD no estado de Tamaulipas, Mexico, foram testados por ELISA e RT-PCR para anticorpos e ácido nucleico de EHDV, respectivamente. Esse é o primeiro relato de detecção de ácido nucleico de EHDV em WTD do México. A hipótese é de que a aplicação de uma resposta transfronteira e pesquisa interdisciplinar ajudará a preencher lacunas de conhecimento levando a medidas reativas para mitigar a ameaça de infecção por EHDV na pecuária e animais selvagens na fronteira entre os Estados Unidos e o Mexico.<br/><br/><br/>Palavra-chaves: veado, detecção, EHDV, RT-PCR, sorologia
650 ## - ASSUNTO - THESAGRO
Cabeçalho tópico ou nome geográfico VEADO
650 ## - ASSUNTO - THESAGRO
Cabeçalho tópico ou nome geográfico DOENÇA ANIMAL
650 ## - ASSUNTO - THESAGRO
Cabeçalho tópico ou nome geográfico SOROLOGIA
650 ## - ASSUNTO - THESAGRO
Cabeçalho tópico ou nome geográfico VETERINÁRIA PREVENTIVA
773 0# - ENTRADA ANALÍTICA
Host Biblionumber 1643
Registro do item 345321
Imprenta Belo Horizonte-MG Universidade Federal de Minas Gerais - Escola de Veterinaria 1983
Outro identificador 2024-5846
Título Arquivo Brasileiro de Medicina Veterinária e Zootecnia (Brazil)
ISSN 0102-0935
Colação v. 71(1) p. 77-85; (2019)
Número de controle de registro BR2024002885
856 ## - ACESSO E ENDEREÇO ELETRÔNICO
Identificador uniforme de recurso - URI https://www.scielo.br/j/abmvz/a/xFCDxJNCpnnTbYYM7Dngdxw/?format=pdf&lang=en

Nenhum exemplar disponível.

BINAGRI

Telefone: (61)3218-2567/2388/3357/2097 - binagri@agro.gov.br

Ministério da Agricultura e Pecuária , Esplanada dos Ministérios, Bloco D, Anexo B, Brasília/DF, CEP: 70.043-900